ბათუმის შოთა რუსთაველის სახელმწიფო უნივერსიტეტის ბიბლიოთეკა

მეტალურგიული ტერმინების ლექსიკონი : (ბიბ.ჩანაწერი № 36874)

000 -ლიდერი
ფიქსირებული სიგრძის საკონტროლო ველი 01966nam a2200325Ia 4500
001 - საკონტროლო ნომერი
საკონტროლო ველი 2824
003 - საკონტროლო ნომრის იდენტიფიკატორი
საკონტროლო ველი GE_BSU
005 - ბოლო ოპერაციის თარიღი და დრო
საკონტროლო ველი 20190610185527.0
008 - ფიქსირებული სიგრძის მონაცემთა ელემენტები - ზოგადი ინფორმაცია
ფიქსირებული სიგრძის საკონტროლო ველი 181216s2011||||ge |||||||||||||| ||geo||
020 ## - წიგნის საერთაშორისო სტანდარტული ნომერი
International Standard Book Number 9789941035548
040 ## - კატალოგიზაციის წყარო
Transcribing agency GE_BSU
041 ## - ენის კოდი
Language code of text/sound track or separate title geo
080 ## - უნივერსალური ათობითი კლასიფიკაციის ინდექსი
Universal Decimal Classification number 81'374.26:669=353.1=161.1=162.2=111=112.1=133.1 მ-59
245 ## - ცნობა სათაურის შესახებ
Title მეტალურგიული ტერმინების ლექსიკონი :
Remainder of title ტ. 2 : [ს - ჰ]. (ქართულ-რუსულ-უკრაინულ-ინგლისურ-გერმანულ-ფრანგული) : 2 ტომად /
Statement of responsibility, etc საქ. მეცნ. ეროვნ. აკად., რუსეთის მეცნ. აკად., უკრაინის მეცნ. ეროვნ. აკად., რუსეთის საბუნებისმეტყვ. მეცნ. აკად.
264 ## - წარმოების, გამოცემის, დისტრიბუციის და სხვა ცნობები
გამოცემის, წარმოების, დისტრიბუციის... ადგილი თბილისი :
გამოცემის, წარმოების, დისტრიბუციის... სახელწოდება გამ-ბა სტ. "ფორმა",
გამოცემის, წარმოების, დისტრიბუციის... თარიღი 2011.
300 ## - ფიზიკური აღწერა
Extent 999 გვ.;
Other physical details 30 სმ.
504 ## - BIBLIOGRAPHY, ETC. NOTE
Bibliography, etc ბიბლიოგრ.: გვ. 995-997.
653 ## - INDEX TERM--UNCONTROLLED
Uncontrolled term ლექსიკონი
700 ## - ADDED ENTRY--PERSONAL NAME
Personal name ქაშაკაშვილი, გ.
Relator term რედაქტორი
9 (RLIN) 2334
700 ## - ADDED ENTRY--PERSONAL NAME
Personal name ბერიძე, მ.
Relator term რედაქტორი
9 (RLIN) 2335
700 ## - ADDED ENTRY--PERSONAL NAME
Personal name გაგნიძე, ა.
Relator term რედაქტორი
9 (RLIN) 2336
700 ## - ADDED ENTRY--PERSONAL NAME
Personal name გლადუში, ვ.
Relator term რედაქტორი
9 (RLIN) 2337
700 ## - ADDED ENTRY--PERSONAL NAME
Personal name გობეჩია, ე. და სხვ.
Relator term რედაქტორო
9 (RLIN) 2346
710 ## - ADDED ENTRY--CORPORATE NAME
Corporate name or jurisdiction name as entry element საქ. მეცნ. ეროვნ. აკად.
9 (RLIN) 2347
710 ## - ADDED ENTRY--CORPORATE NAME
Corporate name or jurisdiction name as entry element რუსეთის მეცნ. აკად.
9 (RLIN) 2348
710 ## - ADDED ENTRY--CORPORATE NAME
Corporate name or jurisdiction name as entry element უკრაინის მეცნ. ეროვნ. აკად.
9 (RLIN) 2349
710 ## - ADDED ENTRY--CORPORATE NAME
Corporate name or jurisdiction name as entry element რუსეთის საბუნებისმეტყვ. მეცნ. აკად.
9 (RLIN) 2350
710 ## - ADDED ENTRY--CORPORATE NAME
Corporate name or jurisdiction name as entry element სტუ
9 (RLIN) 1151
942 ## - ADDED ENTRY ELEMENTS (KOHA)
Koha item type წიგნი
Source of classification or shelving scheme
ეგზემპლარები
ჩამოწერის სტატუსი დაკარგული ეგზემპლარის სტატუსი კლასიფიკაციის წყარო ან თაროზე გაწყობის სქემა დაზიანების სტატუსი არ გაიცემა მუდმივი მდებარეობა (დაცვის ადგილი) ამჟამინდელი ადგილსამყოფელი თაროზე განთავსების ადგილი შეძენის თარიღი სრული შენახვის შიფრი შტრიხკოდი ბოლო ოპერაციის თარიღი ეგზემპლარის მიმდევრობითი ნომერი (კეტერი?) ფასის ძალაში შესვლის თარიღი ეგზემპლარის სახეობა საჯარო შენიშვნა
          ბათუმის შოთა რუსთაველის სახელმწიფო უნივერსიტეტის მთავარი ბიბლიოთეკა ბათუმის შოთა რუსთაველის სახელმწიფო უნივერსიტეტის მთავარი ბიბლიოთეკა წიგნსაცავი 2018-12-17 81'374.26:669=353.1=161.1=162.2=111=112.1=133.1 4774 2018-12-17 4774 2018-12-17 წიგნი